Aleijadinho: passos e profetas /
में बचाया:
| मुख्य लेखक: | |
|---|---|
| स्वरूप: | अज्ञात |
| भाषा: | Portuguese |
| प्रकाशित: |
Sao Paulo, Brasil:
Itatiana,
1984
|
| श्रृंखला: | Colecao reconquista do Brasil. 3a serie especial
volumen 2 |
| विषय: | |
| टैग: |
टैग जोड़ें
कोई टैग नहीं, इस रिकॉर्ड को टैग करने वाले पहले व्यक्ति बनें!
|
MARC
| LEADER | 000000000a22000000004500 | ||
|---|---|---|---|
| 001 | 001046 | ||
| 008 | 170622s1984 bl a|||| |||| 00| 0 por d | ||
| 041 | 0 | |a portugues | |
| 082 | |a 730.98 |b A366a | ||
| 100 | 1 | |a Oliveira, Myriam Andrade de Ribeiro de | |
| 245 | 1 | 0 | |a Aleijadinho: |b passos e profetas / |c Myriam Andrade de Ribeiro de Aliveira |
| 260 | |a Sao Paulo, Brasil: |b Itatiana, |c 1984 | ||
| 300 | |a 71 páginas , [2] páginas de estampas : |b ilustraciones (algunas a color) | ||
| 490 | 1 | |a Colecao reconquista do Brasil. 3a serie especial |v volumen 2 | |
| 500 | |a Número de inscripción 9563 (Colección George Yúdice) | ||
| 650 | 4 | |a ALEIJADINHO, 1730-1814 | |
| 650 | 4 | |a ESCULTURA BARROCA | |
| 650 | 4 | |a ARTE BARROCO | |
| 650 | 4 | |a MINAIS GERAIS (BRASIL) | |
| 942 | |2 ddc |c BK | ||
| 999 | |c 2172 |d 2172 | ||
